Born in Ireland, Who Am I ? - Statistics

General Stats
  • This quiz has been taken 105 times
  • The average score is 8 of 15
Answer Stats
Date of Birth Place of Birth Person Occupation % Correct
Dec 1966 Glenageary Sinead O'{Connor} Singer / Priest
94%
Oct 1854 Dublin Oscar {Wilde} Poet
90%
May 1953 Drogheda Pierce {Brosnan} Actor
90%
Jun 1952 Ballymena Liam {Neeson} Actor
78%
May 1946 Belfast George {Best} Soccer Player
76%
Nov 1847 Clontarf Bram {Stoker} Author
75%
May 1960 Dublin Paul Hewson aka {Bono} Musician
75%
Oct 1948 Belfast Gerry {Adams} Politician
59%
Aug 1938 Limerick Terry {Wogan} Broadcaster
44%
Oct 1930 Limerick Richard {Harris} Actor
40%
Feb 1874 Kilkea Ernest {Shackleton} Antarctic Explorer
38%
Sep 1869 Cookstown Mary Mallon aka {Typhoid} Mary Disease Carrier
35%
Mar 1697 Cork Anne {Bonny} Pirate
10%
May 1961 Gweedore {Enya} Brennan Singer Songwriter
8%
Nov 1962 Dublin Velvet {McIntyre} Wrestler
1%
No matching quizzes found
Score Distribution
Percent of People with Each Score
Percentile by Number Answered
Your Score History
You have not taken this quiz